LEADER 01425nam a2200325 u 4500 001 000000107915 003 CaOOAMICUS 005 20150213145100.0 008 071030s1996 it ab u000 u ita u 020 $a88-207-2624-6 040 $aPUL$bita$dLDB 100 1 $aHouben, Hubert,$d1953-$0(OLS)http://pul/name/2042 245 10$aMezzogiorno Normanno-Svevo :$bmonasteri e castelli, ebrei e musulmani /$cHubert Houben. 260 $aNapoli :$bLiguori,$c1996. 300 $ax, 525 p.$c24 cm 490 1 $aBiblioteca 490 1 $aNuovo Medioevo ;$v52 500 $aInclude indici. 504 $aBibliografia: p. [437]-499. 651 4$aItalia meridionale$xStoria$y476-1492.$0(OLS)http://pul/subject/1778 830 0$aBiblioteca (Liguori editore).$0(OLS)http://pul/title/39222 830 0$aNuovo Medioevo ;$v52.$0(OLS)http://pul/title/338 850 $aPUL 852 $aPUL$W1$xSL Filosofia 1$y2$m110(1) E 52$j122752$qStampati$B121738$CPULBib$Z2$F121738 $H105283 $82 852 $aPUL$W1$xDP1 Fondo Capitani$y116$m10 C 68$j163625$qFondi$B163623$CPULBib$Z2$F163623 $HCap227 $82 941 1 $a8 941 1 $a1 996 $6020$a88-207-2624-6$9(OLS)http://pul/number/136089 996 $6245$aMezzogiorno Normanno-Svevo :$bmonasteri e castelli, ebrei e musulmani$9(OLS)http://pul/title/135880 996 $6260$aNapoli :$bLiguori$9(OLS)http://pul/publisher/48007 LEADER 01059nam a2200241 u 4500 001 000000086038 003 CaOOAMICUS 005 20070226124242.0 008 050926s1928 fr u000 u fre u 035 $a11059807 040 $aPUL(R)$bita 100 1 $aDuperray, J.$0(OLS)http://pul/name/3317 245 13$aLe Christ dans la vie chrétienne d'après saint Paul /$cJ. Duperray ; préface de Mgr Lavallée ; ouvrage honoré d'une lettre de Sa Grandeur Monseigneur Dowling. 250 $a5. ed. 260 $aParis :$bJ. Gabalda,$c1928. 300 $a294 p. ;$c18 cm 500 $aIndici: p. [278]-294. 630 04$aBiblia.$pN.T.$pPauli epistolae$xCritica e interpretazione.$0(OLS)http://pul/subject/36488 850 $aPUL 852 $aPUL$W1$xDP1 Fondo Cecchetti$y53$m286 F 16$j109260$nBK-PRI$b $qFondi$B109260$CPULBib$Z2$F109260 $H $81 941 1 $a1 996 $6245$aLe Christ dans la vie chrétienne d'après saint Paul$9(OLS)http://pul/title/111541 996 $6260$aParis :$bJ. Gabalda$9(OLS)http://pul/publisher/48260